| LEADER | 00652aam a22002297a 4500 | ||
|---|---|---|---|
| 001 | 006201719-5 | ||
| 005 | 20020606163548.3 | ||
| 008 | 960430s1995 gw 000|1 ger | ||
| 010 | |a 96142798 | ||
| 020 | |a 3458167226 (jkt.) | ||
| 035 | 0 | |a ocm33939803 | |
| 035 | 0 | |a ocm33939803 |z ocm33981034 | |
| 040 | |a DLC |c DLC | ||
| 050 | 0 | 0 | |a PT2672.A4826 |b Z25 1995 |
| 100 | 2 | |a Lange-Luperti, Ernst, |d 1912- | |
| 245 | 1 | 0 | |a Zeit der Steinbrüche : |b Roman / |c Ernst Lange-Luperti. |
| 250 | |a 1. Aufl. | ||
| 260 | |a Frankfurt am Main : |b Insel, |c 1995. | ||
| 300 | |a 207 p. ; |c 21 cm. | ||
| 651 | 0 | |a Germany |x History |y 1933-1945 |v Fiction. | |
| 988 | |a 20020608 | ||
| 906 | |0 DLC | ||


